书目信息 |
| 题名: |
病理生理学
|
|
| 作者: | 石增立 , 张建龙 主编 | |
| 分册: | ||
| 出版信息: | 北京 科学出版社 2010 |
|
| 页数: | 182页 | |
| 开本: | 28cm | |
| 丛书名: | ||
| 单 册: | ||
| 中图分类: | R363 | |
| 科图分类: | ||
| 主题词: | 病理生理学--医学院校--教材 , 病理生理学 | |
| 电子资源: | ||
| ISBN: | 978-7-03-030056-0 | |
| 000 | 01005nam0 2200277 450 | |
| 001 | 012015000132 | |
| 005 | 20150914160721.03 | |
| 010 | @a978-7-03-030056-0@dCNY34.80 | |
| 100 | @a20110821d2010 em y0chiy50 ea | |
| 101 | 0 | @achi |
| 102 | @aCN@b110000 | |
| 105 | @ay z 001yy | |
| 106 | @ar | |
| 200 | 1 | @a病理生理学@Abing li sheng li xue@f石增立,张建龙主编 |
| 205 | @a2版 | |
| 210 | @a北京@c科学出版社@d2010 | |
| 215 | @a182页@d28cm | |
| 300 | @a中国科学院教材建设专家委员会规划教材 全国高等医药院校规划教材 案例版 供临床、预防、基础、口腔、麻醉、影像、药学、检验、护理、法医等专业本科生及专升本学生使用 | |
| 330 | @a本书内容包括:疾病概论、酸碱平衡紊乱、缺氧、发热、细胞信号转导异常与疾病、细胞增殖分化异常与疾病、细胞凋亡与疾病等。 | |
| 606 | 0 | @a病理生理学@x医学院校@j教材 |
| 606 | 0 | @a病理生理学 |
| 690 | @aR363@v5 | |
| 701 | 0 | @a石增立@Ashi zeng li@4主编 |
| 701 | 0 | @a张建龙@Azhang jian long@c(生理学)@4主编 |
| 801 | 0 | @aCN@b碧洲教育@c20150716 |
| 905 | @a10447@f4@dR363@e242=2 | |
| 病理生理学/石增立,张建龙主编.-2版.-北京:科学出版社,2010 |
| 182页;28cm |
| 中国科学院教材建设专家委员会规划教材 全国高等医药院校规划教材 案例版 供临床、预防、基础、口腔、麻醉、影像、药学、检验、护理、法医等专业本科生及专升本学生使用 |
| ISBN 978-7-03-030056-0:CNY34.80 |
| 本书内容包括:疾病概论、酸碱平衡紊乱、缺氧、发热、细胞信号转导异常与疾病、细胞增殖分化异常与疾病、细胞凋亡与疾病等。 |
| ● |
| 相关链接 |
|
|
|
|
正题名:病理生理学
索取号:R363/242=2
 
预约/预借
| 序号 | 登录号 | 条形码 | 馆藏地/架位号 | 状态 | 备注 |
| 1 | 0870497 | 208704972 | 第二样本阅览室/ [索取号:R363/242=2] | 在馆 | |
| 2 | 0870498 | 208704981 | 密集书库-生命科学系/ [索取号:R363/242=2] | 在馆 | |
| 3 | 0870499 | 208704990 | 第三借阅区/ [索取号:R363/242=2] | 在馆 | |
| 4 | 0870500 | 208705007 | 第三借阅区/ [索取号:R363/242=2] | 在馆 |